000 00827nam a2200241Ia 4500
003 OSt
005 20220923212048.0
006 a|||||r|||| 00| 0
007 ta
008 220922b |||||||| |||| 00| 0 hin d
024 _a150,435
037 _cTextual
040 _aARTS
_cARTS
_bhin
041 _2hin
_ahin
082 _aD65:45, 152K5
100 _aडोम, रार्बट बी
245 0 _aदूरवीक्षण के सिद्वान्त, हरप्रसाद शर्मा अनु
246 _aDūravīkṣhaṇ ke sidvānta, haraprasād sharmā anu0
260 _c1965
490 _aहिन्दी सीमिति ग्रंथमाला; 96
942 _hD65:45, 152K5
_cTEXL
_2CC
999 _c306115
_d306115